000 00507nam a2200193 a 4500
001 15396
003 CO-ViMGA
005 20260318200723.0
008 141112s2004 ck r 000 u spa d
040 _aCO-ViMGA
_bspa
_cCO-ViMGA
082 0 4 _a301.2 P515
100 1 _aFondo Mixto,
_922389
245 1 0 _aPlan Decenal de desarrollo cultural del Meta
260 _aVillavicencio 1998
300 _a100.h.
650 1 4 _aPolĂ­tica CULTURAL - 1999 - 2008
_922390
830 _aRNBP
_969122
942 _2ddc
_cBK
999 _c25729
_d25729